000 00543nam a2200229 a 4500
001 nice12345678
003 IN_TiNIC
005 20260116011413.0
008 070621s1957 leba grp 000 0 eng
020 _a
_c100
082 0 0 _a201
_bNOR
100 _aNorthcott, Cecil
245 _aLivingstone in Africa
260 _aLebonon
_bNo Publisher
_c1957
300 _a83p
500 _aincludes index and biblioraphy
650 _aChristian-Biography
700 1 _aNorthcott, Cecil
902 _bSRS
942 _cBK
999 _c1221
_d1221